[Event "Rennes op 2nd"]
[Site "Rennes"]
[Date "2009.07.22"]
[Round "8"]
[White "Mercier, Franck"]
[Black "Duquesnoy, Bruno"]
[Result "1/2-1/2"]
[WhiteElo "1623"]
[BlackElo "1900"]
[PlyCount "74"]
[EventDate "2009.07.15"]
[EventType "swiss"]
[EventRounds "9"]
[EventCountry "FRA"]
[SourceTitle "EXT 2011"]
[Source "ChessBase"]
[SourceDate "2010.11.26"]
[SourceVersion "1"]
[SourceVersionDate "2010.11.26"]
[SourceQuality "1"]

1. e4 e6 2. d4 d5 3. Nc3 Bb4 4. e5 c5 5. a3 Bxc3+ 6. bxc3 Ne7 7. Qg4 Qc7 8. Qxg7 Rg8 9. Qh6 cxd4 10. Bd2 Qxe5+ 11. Ne2 Nbc6 12. Qxh7 b6 13. Bf4 Qf5 14. Qxf5 Nxf5 15. cxd4 Nfxd4 16. Nxd4 Nxd4 17. Rc1 Bb7 18. Be5 Nc6 19. Bb2 Rc8 20. h4 e5 21. f3 Ke7 22. Kf2 f6 23. Bd3 Na5 24. Rh2 Ke6 25. h5 Nc4 26. Bxc4 Rxc4 27. g3 d4 28. h6 Rh8 29. g4 Kf7 30. Kg3 Kg6 31. c3 dxc3 32. Rxc3 Rxc3 33. Bxc3 Rxh6 34. Rxh6+ Kxh6 35. Bd2+ Kg6 36. f4 exf4+ 37. Bxf4 b5 1/2-1/2